| 000 | 00514cam a2200205ua 4500 | ||
|---|---|---|---|
| 020 | _c4.00 | ||
| 041 |
_aeng _h |
||
| 082 |
_a540 _bBHA/PR |
||
| 100 | _aBhaskara, Panicker . | ||
| 245 |
_aPre-university chemistry / _cBhaskara panicker. _hTextual Documents |
||
| 250 |
_a1 / _b. |
||
| 260 |
_aMadras : _bCentral Art press , _c1965. |
||
| 300 | _a368 ; . | ||
| 365 | _a4.00 | ||
| 504 | _a | ||
| 700 | 1 | _aLakshminarasimhan, S . | |
| 700 | 1 | _aSebastian, M P . | |
| 942 | _cBK | ||
| 999 |
_c10952 _d10952 |
||